Normal view
MARC view
- NUCLEAR WEAPONS- IRAQ.NUCLEAR NONPROLIFERATION
Entry Topical Term
001 - CONTROL NUMBER
- control field: 65742
003 - CONTROL NUMBER IDENTIFIER
- control field: NUST
005 - DATE AND TIME OF LATEST TRANSACTION
- control field: 20210628203502.0
008 - FIXED-LENGTH DATA ELEMENTS
- fixed length control field: 210628|| aca||aabn | a|a d
040 ## - CATALOGING SOURCE
- Original cataloging agency: NUST
- Transcribing agency: NUST
150 ## - HEADING--TOPICAL TERM
- Topical term or geographic name entry element: NUCLEAR WEAPONS- IRAQ.NUCLEAR NONPROLIFERATION
670 ## - SOURCE DATA FOUND
- Source citation: Work cat.: (NUST): Obeidi Mahdi, Obedi, Mahdi, Pitzer Kurt 65741, The bomb in my garden, the secrets of saddam's nuclear mastermind, 2004
